Zmeny ekvivalentného disponibilného príjmu v SR v období realizácie projektu EU SILC bakalárska práca

Na minha lista:
Detalhes bibliográficos
Autor principal: Pastorková, Margaréta
Autor Corporativo: Fakulta hospodárskej informatiky EU. Katedra štatistiky
Outros Autores: Šoltés, Erik, 1974-
Formato: Livro
Idioma:eslovaco
Publicado em: Bratislava 2011
Tags: Adicionar Tag
Sem tags, seja o primeiro a adicionar uma tag!

MARC

LEADER 00000nbm a2200000 4500
001 0140968
005 20161109111725.0
041 0 |a slo 
044 |a SK 
245 1 0 |a Zmeny ekvivalentného disponibilného príjmu v SR v období realizácie projektu EU SILC  |b bakalárska práca  |c Margaréta Pastorková ; školiteľ: Erik Šoltés 
264 1 |a Bratislava  |c 2011 
300 |a 55 s. 
100 1 |a Pastorková, Margaréta 
700 1 |a Šoltés, Erik, 1974- 
710 2 |a Fakulta hospodárskej informatiky EU. Katedra štatistiky